002020000a2200061000450024500480000030000450004877300470009310aArchaeology and epigraphy : Books list 2004 aVol. 28, Núm 5 (2004), Páginas 18-390 tJournal for the Study of the Old Testament